166 - Né(es) un 15 juin. - Statistiques

Statistiques générales
  • Ce quiz a été pris 12 fois
  • Le résultat moyen est 7 sur 27
Statistiques - réponses
Hint Année de naissance Réponse % Correct
Industriel français du pneu. 1926 François Michelin
75%
Il fut l'interprète de "Laura" et marié à Nathalie Baye. 1943 Johnny Hallyday|Jean-Philippe Clerc|Jean-Philippe Smet
75%
Elle se fit connaître dans "Jeux interdits" avant d'interpréter la mère de Vic dans la "Boum 1". 1946 Brigitte Fossey
63%
Chanteur grec proche de Vangelis, il interpréta "Quand je t'aime" en 1987. 1946 Demis Roussos|Artémios Ventoúris Roússos
63%
Membre de la "Bande du Conservatoire", il incarna le rôle de Simon Messina dans "Un éléphant, ça trompe énormément". 1934 Guy Bedos
50%
Acteur français, il incarna le rôle de Daniel dans "Un éléphant, ça trompe énormément". 1936 Claude Brasseur|Claude Pierre Espinasse
38%
Actrice ayant joué dans Friends", "Cougar Town". 1964 Courteney Cox
38%
Président du KGB, il présida l'URSS du 12 novembre 1982 jusqu'à sa mort. 1914 Iouri Andropov|Iouri Vladimirovitch Andropov
38%
Actrice française vue dans "La Crise", "Pédale douce", "Le Plus Beau Métier du monde", "Le Placard", "Enfin veuve", "La maison du bonheur". 1960 Michèle Laroque
38%
Auteur italien de romans dessinés. Par exemple, "Corto Maltese". 1927 Hugo Pratt|Ugo Eugenio Prat
25%
Réalisateur qui a remporté la palme d'or au festival de Cannes 2008 pour son film "Entre les murs". 1961 Laurent Cantet
25%
Journaliste politique, elle fut directrice de l'information de TF1 et présidente de la Haute Autorité de la communication audiovisuelle. 1937 Michèle Cotta
25%
Joueur de football égyptien qui a évolué dans les clubs de Chelsea et l'AS Roma. 1992 Mohamed Salah|Mohamed Salah Hamed Mahrous Ghaly
25%
Peintre français du XVIIe siècle, représentant majeur du classicisme pictural. 1594 Nicolas Poussin
25%
Gardien de football allemand, international, finaliste de la Coupe du monde 2002. 1969 Oliver Kahn
25%
Joueur de tennis français, qui remporta deux fois la Coupe Davis, en 1996 et 2001. 1969 Cédric Pioline
13%
Actrice américaine de la "Dingue de toi". 1963 Helen Hunt
13%
Acteur américain qui a notamment joué dans "Double Détente", "La P'tite Arnaqueuse". 1954 James Belushi|James Adam Belushi|Jim Belushi
13%
Journaliste, il fut pendant 19 ans animateur d'une matinale sur RMC et BFM TV. 1949 Jean-Jacques Bourdin
13%
Journaliste, il co-présenta "Envoyé Spécial" avec Bernard Benyamin. 1947 Paul Nahon
13%
Romancier et journaliste français, auteur des "Croix de bois" en 1919 et "La caravane sans chameaux". 1885 Roland Dorgelès Rolland|Maurice Lecavelé
13%
Psychanalyste américain d'origine allemande, auteur d'une théorie du développement psychosocial reposant sur huit stades psychosociaux successifs. 1902 Erik Erikson|Erik Homburger Erikson
0%
Pianiste de jazz américain autodidacte qui faisait 1,57m. 1921 Erroll Garner|Erroll Louis Garner
0%
Artiste de Hip-Hop américain, membre du groupe Niggaz Wit Attitudes, puis de la Westside Connection. 1969 Ice Cube
0%
Vu dans la série "How I Met Your Mother" et le film "Gone Girl". 1973 Neil Patrick Harris
0%
Historien américain spécialiste de la Seconde Guerre mondiale, ayant conduit des recherches importantes sur la France de Vichy. 1932 Robert Paxton|Robert Owen Paxton
0%
Mafioso américain d’origine sicilienne, assassiné d’une balle derrière la tête alors qu’il faisait cuire des saucisses sur son barbecue en 1975. 1908 Sam Giancana|Salvatore Giancana|Momo|Mooney|Sam the Cigar|Sammy
0%
Aucun quiz correspondant
Distribution des résultats
% des personnes avec chaque résultat
Percentile par nombre de réponses
Votre historique - résultats
Vous n’avez pas pris ce quiz